Indice chileno de derecho privado: 1.200 artículos de derecho civil y derecho comercial

Salvato in:
Dettagli Bibliografici
Autore principale: González Castillo, Joel (Autore)
Natura: Libro
Lingua:spagnolo
Pubblicazione: Santiago Jurídica de Chile 2005
Edizione:1a. ed
Soggetti:
Tags: Aggiungi Tag
Nessun Tag, puoi essere il primo ad aggiungerne!!

MARC

LEADER 00000nam a2200000 a 4500
001 UCJ1143
003 CL-VaPUC
008 060929e20050000CL |||||||||||||||||spa|d
020 |a 956101663X 
082 0 4 |a 346.83  |b GON  |2 21 
100 |a González Castillo, Joel  |e author  |9 739861 
245 1 0 |a Indice chileno de derecho privado: 1.200 artículos de derecho civil y derecho comercial 
250 |a 1a. ed 
300 |a 293 p 
942 |c BK 
945 |d 20060929 00:00:00  |a jtorresc 
260 |a Santiago  |b Jurídica de Chile  |c 2005 
650 0 |a Derecho civil  |9 255013 
650 0 |a Derecho comercial   |9 256340 
651 7 |a CHILE  |2 CL-VaPUC  |9 501694 
583 |a last modification  |c 20060929 00:00:00  |k Rodrigo Vera 
999 |c 317853  |d 317851 
952 |0 0  |1 0  |4 0  |6 346_830000000000000_GON_2005  |7 0  |8 F  |9 394847  |a BIBDER  |b BIBDER  |d 2019-11-22  |i 4265955  |o 346.83 GON 2005  |p 4265955  |r 2023-01-25  |w 2019-11-22  |y BK_F  |k DER 
952 |0 0  |1 0  |4 0  |6 346_830000000000000_GON_2005  |7 0  |8 F  |9 394848  |a BIBDER  |b BIBDER  |d 2019-11-22  |i 421532K  |o 346.83 GON 2005  |p 421532K  |r 2023-01-25  |w 2019-11-22  |y BK_F  |k DER